000 01261 a2200241 4500
003 Nust
005 20230113154251.0
010 _a 2002017097
020 _a0130928585
040 _cNust
082 0 0 _a651.7
100 1 _aBovā„„, Courtland L.
_9106805
245 1 0 _aBusiness communication today /
_cCourtland L. Bovā„„, John V. Thill, Barbara E. Schatzman.
250 _a7th ed.
260 _aUpper Saddle River, NJ :
_bPrentice Hall,
_cc2003.
300 _a1 v. (various pagings) :
_bcol. ill., col. map ;
_c29 cm.
505 _aPart 1: Understanding the Foundations of Business Communication (Page-1), Part 2: Applying the Three-Step Writing Process (Page-77), Part 3: : Writing Letters, Memos, e-mail and other Brief Messages (Page-183), Part 4: Finding and Communicating Information (Page-305), Part 5 : Planning, Writing, and Completing Reports and Proposals (Page-375), Part 6: Designing and Delivering Oral Presentations (Page-493), Part 7: Writing Employment Messages and Interviewing for Jobs (Page-541).
650 0 _aBusiness communication
_zUnited States
_97259
650 0 _aCommunication in organizations
_zUnited States
_97260
700 1 _aSchatzman, Barbara E.
_9106806
700 1 _aThill, John V.
_921914
942 _2ddc
_cBK
999 _c178803
_d178803